000 00973nam a2200277 i 4500
001 15770
003 ES-MaACL
005 20251009165839.0
007 t|
008 000505s1998 sp ||||0| spa j
020 _a84-7476-261-8
040 _aM-BN
_bspa
_cM-BN
080 _a342.53(460):316.654
100 1 _aDelgado Sotillos, Irene.
_943488
245 1 0 _aParlamento y opinión pública en España /
_cIrene Delgado, Antonia Martínez, Pablo Oñate.
260 _aMadrid :
_bCentro de Investigaciones Sociológicas,
_c[1998]
300 _a78 p ;
_c30 cm.
490 1 _aOpiniones y actitudes ;
_v19
610 1 _aEspaña.
_bCortes Generales-
_xOpinión pública.
_93669
700 0 _aMartínez Rodríguez, Antonia
_977717
700 1 _aOñate Rubalcaba, Pablo.
_987113
710 2 _aCentro de Investigaciones Sociológicas (España)
_92708
830 0 _aOpiniones y actitudes ;
_v19
_9179773
852 _aES-MaACL
_jL-22913
_bR.126816
999 _c15770
_d15770